000 00874nam a22002657a 4500
008 081212t xxu||||| |||| 00| 0beng d
010 _aENG-98117
020 _c110.00
_a9788190765893
020 _c110.00
_a8190765892
035 _aEN-81650
037 _bDBAD / PUB
040 _adpl
_bEnglish
082 _a546
100 _93724
_aManivannan, C
245 _aCo-ordination chemistry /
_cby C. Manivannan
260 _aChennai
_bArul Pathippagam
_c2009
270 _aM.G.R. Nagar,
_bChennai
_e78
300 _a118p.
_c21cm (pbk)
600 _aBaba Visakha Singh
_xBiography.
_93725
650 _aChemistry, inorganic
_96086
650 _aChemistry, physicals Theroretical
_96398
700 _94917
942 _2ddc
_cEN
_mMAN
_h546
999 _c39327
_d39327